Mezinárodní účetní standardy k účtování o dani z příjmů a k účtování o státních dotacích a státní pomoci.
Štandard 12. Účtovanie o dani z príjmov. Metódy účtovania dane z príjmov. Zásady štandardu číslo 12 a 20. Rozdiely oproti našej doterajšej úprave. Štandard 20: účtovanie o štátnych dotáciách a štátnej pomoci.
Salvato in:
| Autore principale: | |
|---|---|
| Natura: | Capitolo di libro |
| Lingua: | ceco |
| Soggetti: | |
| Tags: |
Nessun Tag, puoi essere il primo ad aggiungerne!!
|
MARC
| LEADER | 00000naa a2200000 4500 | ||
|---|---|---|---|
| 001 | r011832 | ||
| 005 | 20220831085418.8 | ||
| 041 | 0 | |a cze | |
| 044 | |a [CS] | ||
| 245 | 1 | 0 | |a Mezinárodní účetní standardy k účtování o dani z příjmů a k účtování o státních dotacích a státní pomoci. |c L. Beneš |
| 520 | |a Štandard 12. Účtovanie o dani z príjmov. Metódy účtovania dane z príjmov. Zásady štandardu číslo 12 a 20. Rozdiely oproti našej doterajšej úprave. Štandard 20: účtovanie o štátnych dotáciách a štátnej pomoci. | ||
| 610 | 2 | 0 | |a účtovníctvo |
| 610 | 2 | 0 | |a dane z príjmov |
| 610 | 2 | 0 | |a dotácie |
| 100 | 1 | |a Beneš, L. | |